[Event "Fast Game"]
[Site "www.echecsemail.com"]
[Date "2016.03.24"]
[Round "1"]
[White "Picalojack"]
[Black "Chtoubidou"]
[WhiteElo "1599"]
[BlackElo "1630"]
[Result "0-1"]
[Round "1"]
1.e4 d6
2.Nb1c3 g6
3.Ng1f3 Bf8g7
4.Bf1b5 c6
5.Bb5c4 b5
6.Bc4d3 Bc8b7
7.a4 b4
8.Nc3e2 c5
9.Bd3b5 Nb8d7
10.d4 cxd4
11.Bb5xd7 Qd8xd7
12.Nf3xd4 a5
13.Nd4b5 Ng8h6
14.c4 Bb7xe4
15.Bc1xh6 Bg7xh6
 { time }
0-1

[Event "Tourn. n8642"]
[Site "www.chess-mail.com"]
[Date "2016.03.25"]
[Round "1"]
[White "Amaya"]
[Black "Libiesse"]
[WhiteElo "2040"]
[BlackElo "2070"]
[Result "1-0"]
[Round "1"]
1.d4 d5
2.e3 Ng8f6
3.Bf1d3 e6
4.Nb1d2 Nb8d7
5.f4 c5
6.c3 cxd4
7.cxd4 Bf8d6
8.Ng1f3 b6
9.O-O Bc8b7
10.a3 O-O
11.Nf3e5 h6
12.Qd1f3 Nf6h7
13.Qf3h5 Nh7f6
14.Qh5h3 Ra8c8
15.Rf1f3 Nf6h7
16.Rf3g3 Kh8
17.Qh3h5 Qd8e7
18.Nd2f3 Nh7f6
19.Qh5h3 Nf6e4
20.Bd3xe4 dxe4
21.Nf3g5 Nd7xe5
22.dxe5 Bd6c5
23.b4 Bc5xb4
24.axb4 Rc8xc1
25.Ra1xc1 Qe7xb4
26.Qh3h5 Qb4d2
27.Rc1d1 Qd2c2
28.Ng5xf7 { resign }
1-0

[Event "Tourn. n8663"]
[Site "www.chess-mail.com"]
[Date "2016.03.25"]
[Round "1"]
[White "Malbertan"]
[Black "Difficult"]
[WhiteElo "2040"]
[BlackElo "1890"]
[Result "1/2-1/2"]
[Round "1"]
1.e4 d5
2.exd5 Qd8xd5
3.Nb1c3 Qd5a5
4.Ng1f3 Bc8f5
5.d4 c6
6.Bc1d2 Ng8f6
7.Nc3e4 Qa5d8
8.Ne4xf6 gxf6
9.c3 e6
10.Nf3h4 Bf5g6
11.Nh4xg6 hxg6
12.Qd1g4 f5
13.Qg4g3 Bf8d6
14.Qg3f3 Nb8d7
15.O-O-O Qd8c7
16.h3 O-O-O
17.Bf1d3 Kb8
18.Kb1 Nd7b6
19.c4 c5
20.Bd2a5 cxd4
{ draw }
1/2-1/2

[Event "Tourn. n8679"]
[Site "www.chess-mail.com"]
[Date "2016.03.25"]
[Round "1"]
[White "Faerieking"]
[Black "Xkafi"]
[WhiteElo "2180"]
[BlackElo "2010"]
[Result "1-0"]
[Round "1"]
1.e4 e5
2.d4 exd4
3.c3 dxc3
4.Bf1c4 cxb2
5.Bc1xb2 Bf8b4
6.Nb1c3 Qd8f6
7.Ng1e2 d6
8.Qd1b3 a5
9.a3 Bb4c5
10.O-O Nb8c6
11.Nc3d5 Qf6d8
12.Bb2xg7 Ng8e7
13.Nd5f6 { resign }
1-0

[Event "Tourn. n8594"]
[Site "www.chess-mail.com"]
[Date "2016.03.25"]
[Round "1"]
[White "Bojan"]
[Black "Libiesse"]
[WhiteElo "2040"]
[BlackElo "2000"]
[Result "1-0"]
[Round "1"]
1.d4 d5
2.Nb1c3 e6
3.e4 Ng8f6
4.e5 Nf6d7
5.a3 c5
6.f4 cxd4
7.Qd1xd4 Bf8c5
8.Qd4d3 Nb8c6
9.Ng1f3 Nd7b6
10.Nc3b5 a6
11.Nb5c3 Qd8c7
12.Bf1e2 Bc8d7
13.Nc3a2 Ra8d8
14.b3 h6
15.Bc1b2 Nc6a7
16.c3 Bd7c6
17.Na2b4 Bc6b5
18.Qd3c2 O-O
19.Nb4d3 Bc5e3
20.g3 Rd8c8
21.a4 Bb5xd3
22.Be2xd3 Be3c5
23.Ra1c1 Bc5e7
24.Kf1 Na7c6
25.Qc2f2 Nb6d7
26.Kg2 Nd7c5
27.Bd3c2 Rf8d8
28.Nf3d4 Kf8
29.Qf2e3 Nc6a5
30.Qe3f3 Na5c6
31.f5 Qc7xe5
32.fxe6 Nc5xe6
33.Nd4xe6 Qe5xe6
34.Bc2f5 Qe6f6
35.Bf5xc8 Qf6xf3
36.Kxf3 Nc6e5
37.Ke3 Be7g5
38.Ke2 Bg5xc1
39.Rh1xc1 Rd8xc8
40.c4 Ne5d7
41.Rc1d1 dxc4
42.Rd1xd7 cxb3
43.Bb2a3 Ke8
44.Rd7e7 Kd8
45.Kd3 Rc8c2
46.h4 Rc2a2
47.Ba3d6 Ra2xa4
48.Re7xb7 Ra4g4
49.Rb7xb3 Kd7
50.Bd6f4 g5
51.hxg5 hxg5
52.Bf4b8 Kc8
53.Ke3 a5
54.Kf3 Rg4b4
55.Rb3xb4 axb4
56.Bb8e5 Kd7
57.Kg4 Ke6
58.Be5b2 f6
59.Bb2a1 { resign }
1-0

[Event "Tourn. n8671"]
[Site "www.chess-mail.com"]
[Date "2016.03.25"]
[Round "1"]
[White "Vitoriccardo"]
[Black "Wegaman"]
[WhiteElo "1970"]
[BlackElo "1950"]
[Result "1-0"]
[Round "1"]
1.d4 d5
2.Bc1f4 Ng8f6
3.Ng1f3 e6
4.c3 Bf8e7
5.Nb1d2 O-O
6.e3 c6
7.Qd1c2 Nb8d7
8.Bf1d3 Rf8e8
9.O-O Nd7f8
10.e4 dxe4
11.Nd2xe4 Nf8g6
12.Bf4g3 a6
13.Nf3e5 c5
14.Ne4xc5 Be7xc5
15.dxc5 Qd8d5
16.Ne5xg6 hxg6
17.Ra1d1 Qd5xc5
18.Rf1e1 Bc8d7
19.Bg3e5 Bd7c6
20.Re1e3 Nf6d5
21.Re3h3 b5
22.Bd3xg6 { resign }
1-0

[Event "Tourn. n8663"]
[Site "www.chess-mail.com"]
[Date "2016.03.25"]
[Round "1"]
[White "Attatroll"]
[Black "Difficult"]
[WhiteElo "2000"]
[BlackElo "1890"]
[Result "1/2-1/2"]
[Round "1"]
1.e4 e6
2.b3 d5
3.Bc1b2 c5
4.exd5 exd5
5.Qd1e2 Qd8e7
6.Ng1f3 Qe7xe2
7.Bf1xe2 Ng8f6
8.Be2b5 Bc8d7
9.Bb5xd7 Nb8xd7
10.O-O h6
11.Rf1e1 Kd8
12.Nb1c3 d4
13.Nc3e4 Nf6xe4
14.Re1xe4 Nd7f6
15.Re4e1 Bf8d6
16.d3 Rh8e8
17.Nf3d2 Kd7
18.Nd2c4 Nf6d5
19.Nc4d2 b6
{ draw }
1/2-1/2

[Event "Tourn. n8672"]
[Site "www.chess-mail.com"]
[Date "2016.03.25"]
[Round "1"]
[White "Matchbox"]
[Black "Gambarulo"]
[WhiteElo "1690"]
[BlackElo "1519"]
[Result "1/2-1/2"]
[Round "1"]
1.e4 e6
2.d4 d5
3.Nb1c3 Ng8f6
4.Bc1g5 Bf8b4
5.e5 h6
6.Bg5e3 Nf6e4
7.Ng1e2 c5
8.a3 Bb4a5
9.dxc5 Ba5xc3
10.Ne2xc3 Ne4xc3
11.bxc3 Qd8c7
12.f4 Nb8d7
13.Bf1b5 O-O
14.Bb5xd7 Bc8xd7
15.O-O Ra8c8
16.Be3d4 Qc7a5
17.Qd1d2 { draw }
1/2-1/2

[Event "Tourn. n8510"]
[Site "www.chess-mail.com"]
[Date "2016.03.25"]
[Round "1"]
[White "Xkafi"]
[Black "Norlavuaram"]
[WhiteElo "2000"]
[BlackElo "2220"]
[Result "0-1"]
[Round "1"]
1.e4 e5
2.a3 Ng8f6
3.Ng1f3 d6
4.Bf1c4 Bf8e7
5.d3 O-O
6.h3 c6
7.g4 d5
8.exd5 cxd5
9.Bc4b3 Nb8c6
10.Nb1c3 e4
11.dxe4 dxe4
12.Nf3d2 e3
13.fxe3 Be7c5
14.Nd2f3 Qd8c7
15.Rh1g1 a6
16.Nc3d5 Nf6xd5
17.Qd1xd5 Bc5a7
18.Bc1d2 Bc8e6
19.Qd5g5 Be6xb3
20.cxb3 Rf8e8
21.Kf2 Nc6e5
22.Bd2c3 f6
23.Bc3xe5 fxe5
24.Ra1c1 Qc7d6
25.Rg1d1 Qd6e7
26.Qg5h5 e4
27.Nf3g5 Re8f8
28.Ke2 g6
29.Qh5h6 Ra8c8
30.Rc1xc8 Rf8xc8
31.Rd1d2 Qe7c7
32.Ng5xe4 Qc7h2
33.Ne4f2 Rc8f8
34.Qh6h4 Rf8e8
35.Rd2d3 Qh2e5
36.Qh4h6 Qe5xb2
37.Kf1 Qb2c1
38.Nf2d1 Re8f8
39.Ke1 Qc1xa3
40.Qh6g5 Qa3b4
41.Ke2 Qb4e4
42.Qg5d5 Qe4xd5
43.Rd3xd5 Rf8f7
44.Nd1f2 Rf7e7
45.Nf2d1 Kf7
46.Kf3 Ke6
47.Nd1c3 Re7c7
48.Rd5d3 Rc7f7
49.Ke4 Rf7f1
50.Nc3d5 Rf1h1
51.Nd5f4 Ke7
52.Rd3c3 Ba7b8
53.Kf3 Rh1f1
54.Kg2 Rf1e1
55.Kf2 Re1d1
56.Ke2 Rd1h1
57.Nf4d5 Ke6
58.e4 Rh1h2
59.Kf1 Rh2h1
60.Kg2 Rh1e1
61.Kf3 Re1h1
62.Kg2 Rh1h2
63.Kg1 Rh2e2
64.Rc3c4 Re2b2
65.b4 Rb2b3
66.Rc4c3 Rb3xc3
67.Nd5xc3 Ke5
68.Kf2 Bb8d6
69.Ke3 Bd6xb4
70.Nc3a4 b6
71.Kd3 b5
72.Na4b6 Bb4e1
73.Nb6d5 a5
74.g5 Be1h4
75.Nd5c3 b4
76.Nc3a4 Bh4xg5
{ resign }
0-1

[Event "Tourn. n8608"]
[Site "www.chess-mail.com"]
[Date "2016.03.25"]
[Round "1"]
[White "Elogic"]
[Black "Osopanda"]
[WhiteElo "2230"]
[BlackElo "2020"]
[Result "0-1"]
[Round "1"]
1.e4 c5
2.c3 Nb8c6
3.Ng1f3 e5
4.g3 d5
5.exd5 Qd8xd5
6.Nb1a3 Bc8g4
7.Bf1e2 e4
8.Be2c4 Qd5h5
9.Bc4e2 Bg4xf3
10.Be2xf3 Qh5xf3
11.Qd1xf3 exf3
12.Na3b5 O-O-O
13.O-O a6
14.Nb5a3 Ng8f6
15.Na3c4 b5
16.Nc4e3 Nf6e4
17.b3 Nc6e5
18.d4 cxd4
19.cxd4 Ne5d3
20.Ne3f5 Nd3xc1
21.Ra1xc1 Kb7
22.Rf1e1 Ne4d6
23.Nf5h4 g6
24.Nh4xf3 Bf8h6
25.Rc1d1 Rh8e8
26.Re1xe8 Rd8xe8
27.Nf3e5 f6
28.Ne5f3 Re8e2
29.Rd1a1 Nd6e4
30.Ra1f1 Re2xa2
31.d5 Kc7
32.Nf3d4 Ne4d2
33.Rf1e1 Kd6
34.Nd4c6 Nd2f3
{ resign }
0-1

[Event "Tourn. n8649"]
[Site "www.chess-mail.com"]
[Date "2016.03.25"]
[Round "1"]
[White "Julian"]
[Black "Faerieking"]
[WhiteElo "2090"]
[BlackElo "2140"]
[Result "0-1"]
[Round "1"]
1.e4 c5
2.Ng1f3 d6
3.c3 Ng8f6
4.e5 dxe5
5.Nf3xe5 a6
6.d4 e6
7.Bc1g5 Bf8e7
8.Bf1d3 cxd4
9.cxd4 O-O
10.O-O g6
11.Nb1c3 Nb8d7
12.Rf1e1 Nd7xe5
13.dxe5 Nf6e8
14.Bg5xe7 Qd8xe7
15.Nc3e4 b5
16.Qd1f3 Bc8b7
17.Ra1d1 f6
18.exf6 Ne8xf6
19.Ne4xf6 Rf8xf6
20.Qf3g3 Ra8f8
21.Rd1d2 Bb7d5
22.h4 Qe7b4
23.Rd2e2 Rf6f4
24.Bd3xg6 Rf4g4
25.Bg6xh7 Kxh7
26.Qg3d3 Kh8
27.Qd3c3 Qb4xc3
28.bxc3 Rg4xg2
29.Kf1 Rg2h2
30.Re2e5 Rf8xf2
31.Kg1 Rf2g2
{ resign }
0-1

[Event "Tourn. n8644"]
[Site "www.chess-mail.com"]
[Date "2016.03.25"]
[Round "1"]
[White "Yangqi"]
[Black "Goofy"]
[WhiteElo "2650"]
[BlackElo "2300"]
[Result "1-0"]
[Round "1"]
1.e4 d5
2.exd5 Ng8f6
3.Ng1f3 Bc8g4
4.Bf1e2 Qd8xd5
5.Nb1c3 Qd5f5
6.h3 Bg4xf3
7.Be2xf3 Nb8c6
8.O-O e6
9.d4 Ra8d8
10.g4 Qf5g6
11.Nc3b5 Bf8d6
12.Rf1e1 Nc6b4
13.Re1e2 c6
14.Nb5xd6 Rd8xd6
15.Qd1d2 Nb4d5
16.b3 Nd5e7
17.Bc1a3 Rd6d7
18.Bf3g2 h5
19.g5 Nf6d5
20.Bg2e4 f5
21.Be4xd5 Ne7xd5
22.Re2xe6 Qg6xe6
23.Ra1e1 Qe6xe1
24.Qd2xe1 Kd8
25.Qe1a5 b6
26.Qa5a4 Nd5e7
27.Ba3xe7 Kxe7
28.Qa4xc6 Rd7xd4
29.Qc6c7 Rd4d7
30.Qc7e5 Kf7
31.Qe5xf5 Ke8
32.Qf5e5 Kf7
33.g6 { resign }
1-0

[Event "Tourn. n8650"]
[Site "www.chess-mail.com"]
[Date "2016.03.25"]
[Round "1"]
[White "Elogic"]
[Black "Avg"]
[WhiteElo "1900"]
[BlackElo "2050"]
[Result "1-0"]
[Round "1"]
1.f4 e5
2.e4 exf4
3.Ng1f3 d6
4.d4 Bc8g4
5.Bc1xf4 Bg4xf3
6.Qd1xf3 g5
7.Bf4g3 Nb8d7
8.Bf1c4 Qd8f6
9.Qf3xf6 Ng8xf6
10.Nb1c3 c6
11.O-O-O O-O-O
12.Bc4xf7 h5
13.Bf7e6 h4
14.Bg3f2 Bf8h6
15.Be6xd7 Nf6xd7
16.d5 c5
17.Nc3b5 a6
18.Nb5xd6 { resign }
1-0

[Event "Tourn. n8694"]
[Site "www.chess-mail.com"]
[Date "2016.03.25"]
[Round "1"]
[White "Tevere"]
[Black "Cal"]
[WhiteElo "1569"]
[BlackElo "1660"]
[Result "1-0"]
[Round "1"]
1.d4 d5
2.c4 dxc4
3.Nb1c3 h6
4.e4 e6
5.Bf1xc4 Ng8f6
6.a3 c6
7.Ng1f3 Bf8e7
8.O-O b5
9.Bc4a2 Bc8b7
10.Bc1f4 O-O
11.Ra1c1 a5
12.Ba2b1 c5
13.dxc5 Bb7xe4
14.Nc3xe4 Nf6xe4
15.Bb1xe4 Qd8c8
16.Be4xa8 Be7xc5
17.b4 Bc5b6
18.Rc1xc8 Rf8xc8
19.Ba8e4 Rc8d8
20.Qd1e2 Nb8d7
21.Qe2xb5 axb4
22.Rf1d1 Bb6c5
23.Qb5xc5 f5
24.Rd1xd7 Rd8xd7
25.Qc5c8 { resign }
1-0

[Event "Tourn. n8637"]
[Site "www.chess-mail.com"]
[Date "2016.03.25"]
[Round "1"]
[White "Sorren"]
[Black "Crull"]
[WhiteElo "1790"]
[BlackElo "1700"]
[Result "1-0"]
[Round "1"]
1.e4 c5
2.Ng1f3 d6
3.d4 cxd4
4.Nf3xd4 a6
5.Nb1c3 Ng8f6
6.Bc1g5 e5
7.Nd4b3 Bf8e7
8.Qd1d2 O-O
9.O-O-O b5
10.f3 b4
11.Nc3d5 Nf6xd5
12.Bg5xe7 Nd5xe7
13.Qd2xd6 Qd8xd6
14.Rd1xd6 Ne7g6
15.Bf1c4 Nb8d7
16.Rh1d1 Nd7f6
17.Nb3c5 a5
18.g4 Ng6f4
19.h4 a4
20.Bc4a6  { time }
1-0

[Event "Tourn. n8601"]
[Site "www.chess-mail.com"]
[Date "2016.03.25"]
[Round "1"]
[White "Iko"]
[Black "Gfalk"]
[WhiteElo "1640"]
[BlackElo "1869"]
[Result "0-1"]
[Round "1"]
1.e4 c5
2.Nb1c3 a6
3.Ng1f3 b5
4.g4 Bc8b7
5.Bf1g2 d6
6.O-O Ng8f6
7.Rf1e1 Nf6xg4
8.h3 Ng4e5
9.Nc3d5 e6
10.Nd5f4 Nb8d7
11.Qd1e2 Ne5xf3
12.Bg2xf3 Qd8g5
13.Nf4g2 Qg5f6
14.d3 Nd7e5
15.Bc1f4 Ne5xf3
16.Qe2xf3 e5
17.Bf4g3 Qf6xf3
18.Re1e3 Qf3h5
19.f4 O-O-O
20.Ra1f1 Bf8e7
21.h4 f6
22.f5 g5
23.hxg5 Rd8g8
24.Ng2h4 Rg8xg5
25.Rf1f2 Rh8g8
26.b3 Rg5xg3
27.Re3xg3 Rg8xg3
28.Kf1 Qh5d1

0-1

[Event "Tourn. n8662"]
[Site "www.chess-mail.com"]
[Date "2016.03.25"]
[Round "1"]
[White "Passaroa25"]
[Black "Shlomo"]
[WhiteElo "1590"]
[BlackElo "1469"]
[Result "0-1"]
[Round "1"]
1.e4 e5
2.Ng1e2 Ng8f6
3.Ne2g3 c5
4.f3 d5
5.d3 h6
6.Nb1d2 Bf8e7
7.Bf1e2 O-O
8.Nd2b3 Bc8e6
9.Bc1e3 c4
10.Nb3c5 Qd8a5
11.c3 Be7xc5
12.Be3xc5 Qa5xc5
13.b4 Qc5e3
14.Ng3f1 Qe3g5
15.Nf1g3 b5
16.O-O Nb8c6
17.Qd1e1 d4
18.Ra1c1 dxc3
19.Qe1xc3 Nc6d4
20.Kf2 Nd4xe2
21.Kxe2 cxd3
22.Qc3xd3 Rf8d8
23.Qd3e3 Qg5h4
24.Rf1h1 Be6c4
25.Kf2 Nf6h5
26.Qe3c5 Nh5f4
27.Ke3 Rd8d3
28.Kf2 Rd3d2
29.Ke1 Ra8d8
30.Qc5xe5 Nf4xg2

0-1

[Event "Tourn. n8617"]
[Site "www.chess-mail.com"]
[Date "2016.03.25"]
[Round "1"]
[White "Starwind"]
[Black "Seger"]
[WhiteElo "2360"]
[BlackElo "2780"]
[Result "1/2-1/2"]
[Round "1"]
1.Ng1f3 d5
2.d4 Ng8f6
3.c4 e6
4.Nb1c3 Bf8e7
5.Bc1g5 O-O
6.e3 h6
7.Bg5h4 b6
8.Bf1d3 dxc4
9.Bd3xc4 Bc8b7
10.O-O Nb8d7
11.Qd1e2 Nf6e4
12.Bh4g3 Ne4xg3
13.hxg3 Nd7f6
14.e4 Qd8c8
15.e5 Nf6d5
16.Nc3e4 c5
17.Ra1c1 Qc8c7
18.a3 Ra8c8
19.Rf1d1 Qc7b8
20.dxc5 bxc5
21.Bc4b5 { draw }
1/2-1/2

[Event "Tourn. n8691"]
[Site "www.chess-mail.com"]
[Date "2016.03.25"]
[Round "1"]
[White "Bojan"]
[Black "Prize64"]
[WhiteElo "2020"]
[BlackElo "2200"]
[Result "0-1"]
[Round "1"]
1.c4 Ng8f6
2.b4 a5
3.b5 b6
4.Bc1b2 e6
5.d3 Bc8b7
6.e4 d6
7.Qd1f3 Bf8e7
8.Ng1e2 Nb8d7
9.Ne2f4 Nd7e5
10.Bb2xe5 dxe5
11.Nf4h5 Qd8d4
12.Nh5xg7 Kf8
13.Ng7xe6 fxe6
14.Nb1d2 Qd4xa1
15.Ke2 Kf7
16.g4 Rh8g8
17.Bf1h3 Qa1xa2
18.Rh1g1 Be7b4
19.Qf3e3 Qa2xd2
20.Qe3xd2 Bb4xd2
21.Kxd2 Ke7
22.f3 Nf6h5
23.Rg1d1 Nh5f4
24.Bh3f1 Ra8d8
25.Kc3 h5
26.h3 hxg4
27.hxg4 Rg8h8
{ resign }
0-1

[Event "Tourn. n8675"]
[Site "www.chess-mail.com"]
[Date "2016.03.25"]
[Round "1"]
[White "Cal"]
[Black "Daquata"]
[WhiteElo "1680"]
[BlackElo "1630"]
[Result "1-0"]
[Round "1"]
1.c4 Ng8f6
2.Nb1c3 g6
3.e4 e5
4.a3 Nb8c6
5.b4 d6
6.Ng1f3 Bc8g4
7.Bf1e2 Bf8g7
8.Nf3h4 Bg4xe2
9.Qd1xe2 Nc6d4
10.Qe2d3 Nd4b3
11.Ra1b1 Nb3xc1
12.Rb1xc1 O-O
13.O-O Qd8e7
14.f4 exf4
15.Rf1xf4 Nf6h5
16.Rf4g4 Rf8e8
17.Nc3d5 Qe7d7
18.Rg4g5 h6
19.Rg5g3 Nh5xg3
20.Qd3xg3 Re8xe4
21.d3 Re4g4
22.Qg3h3 h5
23.Nh4f3 Qd7d8
24.Rc1e1 c6
25.Nd5e3 Rg4f4
26.Qh3g3 Rf4f6
27.d4 Rf6e6
28.d5 Re6e4
29.Nf3g5 Re4e8
30.dxc6 bxc6
31.h4 Bg7d4
32.Qg3f4 Bd4xe3
33.Re1xe3 Re8xe3
34.Qf4xf7 { resign }
1-0

[Event "Tourn. n8695"]
[Site "www.chess-mail.com"]
[Date "2016.03.25"]
[Round "1"]
[White "Bojan"]
[Black "Elogic"]
[WhiteElo "2000"]
[BlackElo "1810"]
[Result "1-0"]
[Round "1"]
1.c4 e6
2.a3 g5
3.b4 Bf8g7
4.Ra1a2 d5
5.d3 dxc4
6.dxc4 Qd8xd1
7.Kxd1 h6
8.g3 Nb8c6
9.e3 Bc8d7
10.Ra2d2 O-O-O
11.Bf1g2 Ng8e7
12.Ng1e2 f5
13.Kc2 Nc6e5
14.Bc1b2 Rh8g8
15.Rh1d1 Ne5xc4
16.Bg2xb7 Kxb7
17.Rd2xd7 Nc4xb2
18.Rd7xd8 Rg8xd8
19.Rd1xd8 Ne7d5
20.Ne2d4 Nb2c4
21.Nd4xe6 Nd5xe3
22.fxe3 Bg7e5
23.Kd3 Nc4d6
24.a4 a6
25.Nb1c3 Nd6f7
26.Rd8d5 Kc6
27.Ne6d8 { resign }
1-0

[Event "Tourn. n8666"]
[Site "www.chess-mail.com"]
[Date "2016.03.25"]
[Round "1"]
[White "Xkafi"]
[Black "Tonino1"]
[WhiteElo "2010"]
[BlackElo "2200"]
[Result "0-1"]
[Round "1"]
1.e4 c5
2.Bf1c4 e6
3.Nb1c3 Nb8c6
4.d3 g6
5.Ng1f3 Bf8g7
6.Nc3b5 d6
7.Bc1g5 Ng8f6
8.Bg5h4 O-O
9.Bh4g3 Nf6e8
10.a3 a6
11.Nb5c3 b5
12.Bc4a2 Nc6d4
13.Nf3xd4 cxd4
14.Nc3e2 e5
15.h4 Bc8e6
16.b3 f5
17.exf5 gxf5
18.f4 Ne8c7
19.h5 Nc7d5
20.b4 Qd8d7
21.Qd1d2 Nd5e3
22.Ne2g1 Ra8c8
23.Ba2b3 Be6xb3
24.Qd2f2 Rc8xc2
25.Qf2f3 Bb3d5
{ resign }
0-1

[Event "Tourn. n8679"]
[Site "www.chess-mail.com"]
[Date "2016.03.25"]
[Round "1"]
[White "Malbertan"]
[Black "Faerieking"]
[WhiteElo "2110"]
[BlackElo "2190"]
[Result "0-1"]
[Round "1"]
1.e4 e5
2.f4 d5
3.exd5 c6
4.dxc6 Nb8xc6
5.Bf1b5 Bf8c5
6.Ng1f3 Ng8e7
7.Nf3xe5 O-O
8.c3 Nc6xe5
9.fxe5 Ne7g6
10.d4 Qd8h4
11.Kf1 Bc5b6
12.Nb1d2 Bc8e6
13.Nd2f3 Qh4e7
14.Bc1g5 Qe7c7
15.Qd1e2 h6
16.Bg5e3 f6
17.exf6 Rf8xf6
18.Bb5d3 Ng6h4
19.Kg1 Nh4xf3
20.gxf3 Be6d5
21.Bd3e4 Bd5xe4
22.fxe4 Ra8f8
23.e5 Rf6g6
{ resign }
0-1

[Event "Tourn. n8652"]
[Site "www.chess-mail.com"]
[Date "2016.03.25"]
[Round "1"]
[White "Watford"]
[Black "Redabond"]
[WhiteElo "1690"]
[BlackElo "1570"]
[Result "1/2-1/2"]
[Round "1"]
1.e4 e5
2.Ng1f3 Nb8c6
3.Bf1b5 a6
4.Bb5xc6 dxc6
5.d4 exd4
6.Qd1xd4 Qd8xd4
7.Nf3xd4 Bf8c5
8.Bc1e3 Bc5xd4
9.Be3xd4 f6
10.Nb1c3 Bc8e6
11.O-O-O O-O-O
12.f3 b6
13.Bd4e3 Rd8xd1
14.Rh1xd1 Ng8e7
15.a3 c5
16.Be3f4 Ne7g6
17.Bf4g3 Ng6e7
18.Rd1d2 f5
19.Bg3e5 fxe4
{ draw }
1/2-1/2

[Event "Tourn. n8687"]
[Site "www.chess-mail.com"]
[Date "2016.03.25"]
[Round "1"]
[White "Guidom"]
[Black "Bojan"]
[WhiteElo "2020"]
[BlackElo "2000"]
[Result "1-0"]
[Round "1"]
1.e4 e5
2.Ng1f3 Nb8c6
3.Bf1c4 h6
4.d4 Qd8f6
5.d5 Nc6a5
6.Bc4b5 c6
7.dxc6 Na5xc6
8.Qd1d5 Ng8e7
9.Qd5c5 Ne7g6
10.Qc5e3 Nc6b4
11.Bb5a4 Qf6a6
12.Ba4b3 Ng6f4
13.Rh1g1 Qa6b5
14.a4 Qb5a5
15.Bc1d2 f6
16.g3 Nf4e6
17.c3 Nb4a6
18.Bb3xe6 dxe6
19.b4 Qa5c7
20.Nb1a3 Bc8d7
21.Na3b5 Qc7b8
22.Nf3h4 Kf7
23.Qe3e2 Na6c7
24.Qe2h5 Kg8
25.Nb5xc7 Qb8xc7
26.Qh5f3 Bd7e8
27.b5 Bf8c5
28.Bd2e3 b6
29.Kf1 Bc5e7
30.Ra1c1 Qc7c4
31.Kg2 Qc4xa4
32.c4 Be7a3
33.Rc1a1 Qa4b4
34.Rg1b1 Qb4e7
35.Rb1b3 Ba3d6
36.Be3xb6 g5
37.Nh4f5 exf5
38.exf5 Ra8c8
39.Ra1xa7 Qe7f8
40.Qf3b7 Rc8xc4
41.Rb3d3 Bd6c5
42.Rd3d8 Bc5xb6
43.Qb7d5 { resign }
1-0

[Event "Tourn. n8554"]
[Site "www.chess-mail.com"]
[Date "2016.03.25"]
[Round "1"]
[White "Leeds"]
[Black "Gatrooper"]
[WhiteElo "1720"]
[BlackElo "1640"]
[Result "1-0"]
[Round "1"]
1.d4 d5
2.Bc1f4 e6
3.e3 Bf8d6
4.Bf4g3 Bd6xg3
5.hxg3 h6
6.Ng1f3 Nb8c6
7.Bf1d3 a6
8.c3 Ng8f6
9.Nb1d2 Nf6g4
10.Qd1e2 f5
11.O-O-O Qd8d6
12.Kb1 a5
13.Nf3h4 Nc6e7
14.Nh4f3 a4
15.c4 Ne7c6
16.c5 Qd6f8
17.Nf3h4 a3
18.b3 Qf8f6
19.Nh4f3 Nc6b4
20.Rh1f1 e5
21.Nf3xe5 Ng4h2
22.Rf1h1 Nh2g4
23.Ne5f3 Bc8e6
24.Rh1f1 O-O
25.Rd1c1 Nb4xd3
26.Qe2xd3 b6
27.cxb6 cxb6
28.Qd3e2 Rf8c8
29.Rf1d1 Rc8xc1
30.Rd1xc1 Qf6e7
31.Rc1c2 Kf7
32.Nf3e1 Kg6
33.f3 Ng4f6
34.Ne1d3 Kf7
35.Nd3e5 Ke8
36.Qe2b5 Kf8
37.Ne5g6 Kf7
38.Ng6e5 Kg8
39.Qb5xb6 Nf6d7
40.Ne5xd7 Be6xd7
41.Rc2c7 f4
42.gxf4 Ra8d8
43.Nd2f1 Qe7h4
44.g3 Qh4h1
45.Rc7c1 Bd7f5
46.Ka1 Rd8e8
47.Qb6c6 Bf5g6
48.Qc6xd5 Bg6f7
49.Qd5c5 Re8a8
50.Nf1d2 Qh1g2
51.Qc5c2 Qg2h3
52.g4 Qh3h4
53.Qc2c6 Ra8b8
54.Qc6d6 Rb8a8
55.Qd6c6 Bf7e8
56.Qc6xa8 Qh4e7
57.Rc1c8 Kh7
58.Rc8xe8 Qe7f7
59.Qa8e4 g6
60.Re8e7 Qf7xe7
61.Qe4xe7 Kg8
62.Nd2e4 h5
63.Ne4f6 Kh8
64.Qe7f8 { resign }
1-0

[Event "Tourn. n8648"]
[Site "www.chess-mail.com"]
[Date "2016.03.25"]
[Round "1"]
[White "Sorren"]
[Black "Cal"]
[WhiteElo "1790"]
[BlackElo "1740"]
[Result "1-0"]
[Round "1"]
1.e4 e5
2.Ng1f3 d6
3.d4 exd4
4.Nf3xd4 Ng8f6
5.Nb1c3 h6
6.Bf1e2 a6
7.Bc1f4 c5
8.Nd4f3 Bf8e7
9.O-O O-O
10.Qd1d2 b5
11.e5 dxe5
12.Qd2xd8 Be7xd8
13.Bf4xe5 b4
14.Nc3a4 Nf6d5
15.Na4xc5 Nb8c6
16.Be5d6 Rf8e8
17.Be2c4 Nd5f6
18.Rf1e1 Bc8d7
19.Nc5xd7 a5
20.Nd7xf6 Bd8xf6
21.Re1xe8 Ra8xe8
22.Bc4b5 Re8e6
23.Bb5xc6 Re6xd6
24.Bc6a4 Bf6xb2
25.Ra1b1 Bb2c3
26.g3 Rd6f6
27.Kg2 Rf6f5
28.Rb1d1 Rf5c5
29.Rd1d8 Kh7
30.Rd8b8 f6
31.Rb8b5 Rc5c7
32.Ba4b3 g5
33.Rb5xa5 g4
34.Nf3h4 Bc3e5
35.Ra5b5 h5
36.Rb5xb4 Kh6
37.a4 Rc7c3
38.a5 Rc3c7
39.a6 Kg5
40.Rb4b7 Rc7xb7
41.axb7 f5
42.c4 f4
43.c5 f3
44.Kf1 Be5c7
45.Ke1 Kf6
46.Kd2 Ke5
47.Kd3 Kf6
48.Ke4 Bc7e5
49.Kd5 Be5b8
50.Kc6 Ke5
51.Kd7 Kd4
52.c6 Kc5
53.c7 { resign }
1-0

[Event "Tourn. n8628"]
[Site "www.chess-mail.com"]
[Date "2016.03.25"]
[Round "1"]
[White "Gilliere"]
[Black "Nugun"]
[WhiteElo "1880"]
[BlackElo "1750"]
[Result "1-0"]
[Round "1"]
1.d4 Ng8f6
2.c4 e6
3.c5 b6
4.b4 Nb8c6
5.a3 b5
6.Nb1c3 a6
7.e3 d6
8.Ng1f3 e5
9.d5 Nc6e7
10.c6 Bc8f5
11.h3 Nf6e4
12.Bc1b2 Ne7g6
13.Nc3xe4 Bf5xe4
14.Bf1e2 Ng6e7
15.O-O Ne7xd5
16.Nf3d2 Bf8e7
17.Nd2xe4 O-O
18.Qd1xd5 a5
19.Be2xb5 Kh8
20.Bb2c3 f5
21.Ne4d2 Be7h4
22.bxa5 f4
23.exf4 Rf8xf4
24.g3 Qd8g5
25.Qd5g2 Bh4xg3
26.fxg3 Rf4f8
27.Rf1xf8 Ra8xf8
28.a6 Qg5e3
29.Kh1 Qe3xc3
30.Ra1f1 Rf8e8
31.Qg2f2 h6
32.a4 Re8e6
33.Qf2f8 Kh7
34.Qf8f5 Re6g6
35.Nd2e4 h5
36.Ne4xc3 Kh6
37.a7 Rg6f6
38.Qf5xf6 gxf6
39.Rf1xf6 Kg5
40.Rf6f8 d5
41.Nc3xd5 e4
42.a8Q e3
43.Qa8d8 Kg6
44.Qd8f6 Kh7
45.Rf8h8 
1-0

[Event "Tourn. n8663"]
[Site "www.chess-mail.com"]
[Date "2016.03.25"]
[Round "1"]
[White "Roque1"]
[Black "Malbertan"]
[WhiteElo "1990"]
[BlackElo "2040"]
[Result "1-0"]
[Round "1"]
1.e4 e5
2.Ng1f3 Nb8c6
3.Bf1b5 Ng8f6
4.Nb1c3 Bf8c5
5.O-O d6
6.Bb5xc6 bxc6
7.d3 O-O
8.Bc1g5 Bc8e6
9.Qd1d2 h6
10.Bg5h4 Be6g4
11.Nf3e1 Kh7
12.Nc3e2 Qd8d7
13.Bh4xf6 gxf6
14.Ne2g3 Rf8g8
15.c3 h5
16.d4 exd4
17.cxd4 Bc5b6
18.f3 Bg4h3
19.Ng3xh5 Qd7e6
20.Nh5f4 Qe6d7
21.Qd2f2 c5
22.Qf2h4 { resign }
1-0

[Event "Match"]
[Site "www.echecsemail.com"]
[Date "2016.03.25"]
[Round "1"]
[White "Bojan"]
[Black "Mitja"]
[WhiteElo "2020"]
[BlackElo "1920"]
[Result "0-1"]
[Round "1"]
1.c4 d5
2.e3 dxc4
3.Bf1xc4 e6
4.Ng1f3 c6
5.a3 Ng8f6
6.b4 Bf8e7
7.Bc1b2 Nb8d7
8.e4 Nd7b6
9.Bc4b3 Nf6xe4
10.d3 Ne4f6
11.O-O Nb6d5
12.Nb1c3 Nd5xc3
13.Bb2xc3 b6
14.Nf3e5 Bc8b7
15.Qd1e2 O-O
16.Ne5g4 Nf6xg4
17.Qe2xg4 Be7f6
18.Bc3xf6 Qd8xf6
19.Rf1d1 Ra8d8
20.Ra1a2 Rd8d4
21.Qg4h3 Rf8d8
22.Ra2e2 Bb7a6
23.Bb3c2 Ba6xd3
24.Re2e3 Bd3xc2
25.Rd1e1 Rd4d1
26.g4 Rd1xe1
27.Re3xe1 Rd8d1
28.Re1xd1 Bc2xd1
29.Qh3g3 g6
30.h4 Bd1f3
31.h5 Qf6a1
{ resign }
0-1

[Event "Match"]
[Site "www.echecsemail.com"]
[Date "2016.03.25"]
[Round "1"]
[White "Pare123"]
[Black "Roque1"]
[WhiteElo "1890"]
[BlackElo "1910"]
[Result "1-0"]
[Round "1"]
1.c4 e6
2.Nb1c3 Ng8f6
3.d4 d5
4.c5 b6
5.b4 Nb8c6
6.b5 Nc6a5
7.c6 Bf8b4
8.Bc1d2 a6
9.a4 Qd8d6
10.Ra1b1 Bb4xc3
11.Bd2xc3 Na5c4
12.e3 axb5
13.axb5 e5
14.Bf1xc4 dxc4
15.Qd1e2 Bc8f5
16.Rb1c1 Bf5d3
17.Qe2b2 e4
18.Ng1e2 O-O
19.O-O Nf6d5
20.Rf1e1 f5
21.g3 Rf8f6
22.Ne2f4 Nd5xf4
23.exf4 Rf6g6
24.Re1e3 Qd6xf4
25.Rc1e1 Qf4h4
26.f3 Ra8f8
27.f4 Rf8f6
28.d5 Rf6d6
29.Bc3e5 Rd6xd5
30.Be5xc7 c3
31.Qb2a2 c2
32.Qa2xd5 Kf8
33.Bc7d6 Ke8
34.Qd5g8 
1-0

[Event "Match"]
[Site "www.echecsemail.com"]
[Date "2016.03.25"]
[Round "1"]
[White "Drawmaster"]
[Black "Chtoubidou"]
[WhiteElo "1670"]
[BlackElo "1950"]
[Result "1/2-1/2"]
[Round "1"]
1.Ng1f3 b6
2.b3 Bc8b7
3.Bc1b2 e6
4.g3 Ng8f6
5.Bf1g2 Bf8e7
6.O-O O-O
7.c4 d5
8.Nf3e5 Nb8d7
9.Ne5xd7 Qd8xd7
10.Nb1c3 Ra8d8
11.Qd1c2 c5
12.cxd5 Nf6xd5
13.Nc3xd5 Bb7xd5
14.Bg2xd5 Qd7xd5
15.d3 Be7f6
16.Bb2xf6 gxf6
17.Ra1c1 Kh8
18.Qc2c3 Qd5d4
19.Qc3xd4 Rd8xd4
20.Rc1c4 { draw }
1/2-1/2

[Event "Match"]
[Site "www.echecsemail.com"]
[Date "2016.03.25"]
[Round "1"]
[White "Caspito"]
[Black "Baray"]
[WhiteElo "1730"]
[BlackElo "1799"]
[Result "0-1"]
[Round "1"]
1.e4 e5
2.Ng1f3 Nb8c6
3.Bf1c4 Ng8h6
4.d4 exd4
5.Nf3xd4 Bf8c5
6.Qd1f3 Nc6xd4
7.Qf3c3 Bc5b4
{ resign }
0-1